Panorama social de América Latina 1997
Guardado en:
| Formato: | Texto |
|---|---|
| Etiquetas: |
Agregar Etiqueta
Sin Etiquetas, Sea el primero en etiquetar este registro!
|
MARC
| LEADER | 00000 a a2200000 04500 | ||
|---|---|---|---|
| 001 | 44997 | ||
| 003 | |||
| 040 | |||
| 245 | |a Panorama social de América Latina 1997 | ||
| 773 | |g número616 ( , 1998), 8 páginas : gráficos | ||
| 999 | |c 29171 |d 29171 | ||
